E35(西九州道)のIC - Statistics

General Stats
  • This quiz has been taken 33 times
    5 since last reset
  • The average score is 15 of 26
Answer Stats
徳島道 % Correct
JCT 武雄
100%
IC 唐津
75%
IC 松浦
75%
IC 平戸
75%
IC 佐々
75%
IC 佐世保中央
75%
IC 佐世保大塔
75%
JCT 福重
50%
IC/PA 拾六町
50%
IC 今宿
50%
IC 周船寺
50%
IC 前原
50%
IC 二丈鹿家
50%
IC 浜玉
50%
IC 唐津千々賀山田
50%
IC 北波多
50%
IC 南波多谷口
50%
IC 伊万里東府招
50%
IC 山代久原
50%
IC 今福
50%
IC 調川
50%
IC 相浦中里
50%
IC 佐世保みなと
50%
IC 佐世保三川内
50%
IC 波佐見有田
50%
IC 武雄南
50%
No matching quizzes found
Score Distribution
Percent of People with Each Score
Percentile by Number Answered
Your Score History
You have not taken this quiz since the last reset